[Event "Blitz 2018"]
[Site "Saint-Petersburg"]
[Date "2018.12.30"]
[Round "14"]
[Board "97"]
[White "Al Thebaiti Ahmed M (KSA)"]
[Black "Shubin Kirill (RUS)"]
[Result "0-1"]
[BlackElo "2398"]
[WhiteElo "1976"]
[LiveChessVersion "1.4.8"]

1. d4 {[%clk 0:03:02]} e6 {[%clk 0:03:02]} 2. Bf4 {[%clk 0:03:01]} Nf6
{[%clk 0:03:03]} 3. e3 {[%clk 0:03:02]} b6 {[%clk 0:03:05]} 4. Nd2
{[%clk 0:03:02]} Bb7 {[%clk 0:03:06]} 5. Ngf3 {[%clk 0:03:03]} d6
{[%clk 0:03:08]} 6. h3 {[%clk 0:03:02]} Nbd7 {[%clk 0:03:09]} 7. Be2
{[%clk 0:02:54]} Rg8 {[%clk 0:03:09]} 8. c4 {[%clk 0:02:46]} h6 {[%clk 0:03:09]}
9. h4 {[%clk 0:02:33]} a5 {[%clk 0:03:00]} 10. a3 {[%clk 0:02:20]} a4
{[%clk 0:02:48]} 11. Nb1 {[%clk 0:02:17]} Ne4 {[%clk 0:02:48]} 12. h5
{[%clk 0:02:00]} Be7 {[%clk 0:02:33]} 13. Qc2 {[%clk 0:01:46]} f5
{[%clk 0:02:23]} 14. Nc3 {[%clk 0:01:36]} Nxc3 {[%clk 0:02:22]} 15. Qxc3
{[%clk 0:01:31]} Nf6 {[%clk 0:02:22]} 16. Qc2 {[%clk 0:01:32]} Ne4
{[%clk 0:02:13]} 17. Rh2 {[%clk 0:01:29]} Bf6 {[%clk 0:02:06]} 18. Rd1
{[%clk 0:01:25]} Qe7 {[%clk 0:02:06]} 19. Kf1 {[%clk 0:01:18]} e5
{[%clk 0:02:05]} 20. dxe5 {[%clk 0:01:05]} dxe5 {[%clk 0:02:03]} 21. Bg3
{[%clk 0:01:00]} Nxg3+ {[%clk 0:02:02]} 22. fxg3 {[%clk 0:01:00]} e4
{[%clk 0:02:02]} 23. Nd4 {[%clk 0:00:56]} Qe5 {[%clk 0:01:57]} 24. Rh3
{[%clk 0:00:48]} Bg5 {[%clk 0:01:47]} 25. Qc3 {[%clk 0:00:38]} Bf6
{[%clk 0:01:38]} 26. Kg1 {[%clk 0:00:32]} O-O-O {[%clk 0:01:20]} 27. Rf1
{[%clk 0:00:33]} Qc5 {[%clk 0:01:17]} 28. Qc2 {[%clk 0:00:22]} Bxd4
{[%clk 0:01:11]} 29. exd4 {[%clk 0:00:23]} Rxd4 {[%clk 0:01:01]} 30. Kh1
{[%clk 0:00:23]} Rgd8 {[%clk 0:01:02]} 31. Qc3 {[%clk 0:00:16]} Rd2
{[%clk 0:00:58]} 32. Re1 {[%clk 0:00:10]} Qf2 {[%clk 0:00:57]} 0-1

[Event "Blitz 2018"]
[Site "Saint-Petersburg"]
[Date "2018.12.30"]
[Round "14"]
[Board "98"]
[White "Khayat Abdullah F (KSA)"]
[Black "Pogosyan Stefan (RUS)"]
[Result "0-1"]
[BlackElo "2330"]
[WhiteElo "1709"]
[LiveChessVersion "1.4.8"]

1. d4 {[%clk 0:03:03]} Nf6 {[%clk 0:03:04]} 2. c4 {[%clk 0:03:03]} e6
{[%clk 0:03:03]} 3. Nc3 {[%clk 0:03:04]} Bb4 {[%clk 0:03:04]} 4. a3
{[%clk 0:03:04]} Bxc3+ {[%clk 0:03:04]} 5. bxc3 {[%clk 0:03:05]} O-O
{[%clk 0:03:04]} 6. e3 {[%clk 0:02:58]} b6 {[%clk 0:03:05]} 7. Bd3
{[%clk 0:02:57]} c5 {[%clk 0:03:04]} 8. Nf3 {[%clk 0:02:56]} Nc6 {[%clk 0:03:04]}
9. O-O {[%clk 0:02:54]} d6 {[%clk 0:02:59]} 10. Re1 {[%clk 0:02:49]} e5
{[%clk 0:02:59]} 11. d5 {[%clk 0:02:45]} Na5 {[%clk 0:03:00]} 12. Qc2
{[%clk 0:02:26]} Ba6 {[%clk 0:03:00]} 13. Nd2 {[%clk 0:01:38]} Qe7
{[%clk 0:03:01]} 14. Bb2 {[%clk 0:01:34]} Rae8 {[%clk 0:03:01]} 15. f4
{[%clk 0:01:34]} exf4 {[%clk 0:02:48]} 16. exf4 {[%clk 0:01:33]} Qxe1+
{[%clk 0:02:49]} 17. Rxe1 {[%clk 0:01:33]} Rxe1+ {[%clk 0:02:49]} 18. Bf1
{[%clk 0:01:34]} Nxc4 {[%clk 0:02:44]} 19. Kf2 {[%clk 0:01:22]} Nxd2
{[%clk 0:02:27]} 20. Kxe1 {[%clk 0:01:16]} Nxf1 {[%clk 0:02:28]} 21. c4
{[%clk 0:00:55]} Ne3 {[%clk 0:02:26]} 22. Qa4 {[%clk 0:00:26]} Bxc4
{[%clk 0:02:20]} 23. Kd2 {[%clk 0:00:15]} Nexd5 {[%clk 0:02:17]} 24. Qxc4
{[%clk 0:00:11]} Re8 {[%clk 0:02:18]} 25. Bxf6 {[%clk 0:00:10]} Nxf6
{[%clk 0:02:20]} 26. g3 {[%clk 0:00:08]} h5 {[%clk 0:02:17]} 27. Qa6
{[%clk 0:00:08]} Re7 {[%clk 0:02:13]} 28. Qc8+ {[%clk 0:00:05]} Ne8
{[%clk 0:02:12]} 29. Qf5 {[%clk 0:00:05]} g6 {[%clk 0:02:13]} 30. Qb1
{[%clk 0:00:05]} Kf8 {[%clk 0:02:13]} 31. Qb2 {[%clk 0:00:05]} Ng7
{[%clk 0:02:14]} 32. h4 {[%clk 0:00:04]} Re6 {[%clk 0:02:11]} 33. Qc2
{[%clk 0:00:03]} Nf5 {[%clk 0:02:12]} 34. Kc1 {[%clk 0:00:04]} Nd4
{[%clk 0:02:11]} 35. Qc4 {[%clk 0:00:04]} Nf5 {[%clk 0:02:11]} 36. Qb5
{[%clk 0:00:04]} Nxg3 {[%clk 0:02:09]} 37. Qa6 {[%clk 0:00:05]} Re7
{[%clk 0:02:09]} 38. Qc8+ {[%clk 0:00:05]} Kg7 {[%clk 0:02:10]} 0-1

[Event "Blitz 2018"]
[Site "Saint-Petersburg"]
[Date "2018.12.30"]
[Round "14"]
[Board "99"]
[White "Al Turky Fahad A (KSA)"]
[Black "Alsulaymi Abdullah M (KSA)"]
[Result "0-1"]
[BlackElo "1833"]
[WhiteElo "1851"]
[LiveChessVersion "1.4.8"]

1. e4 {[%clk 0:03:03]} e5 {[%clk 0:03:01]} 2. Nf3 {[%clk 0:03:01]} Nf6
{[%clk 0:03:02]} 3. Nxe5 d6 4. Nf3 {[%clk 0:02:49]} Nxe4 {[%clk 0:03:05]} 5. d4
{[%clk 0:02:35]} d5 {[%clk 0:03:06]} 6. Bd3 {[%clk 0:02:35]} Bd6 {[%clk 0:02:53]}
7. O-O {[%clk 0:02:35]} O-O {[%clk 0:02:53]} 8. h3 {[%clk 0:02:31]} c6
{[%clk 0:02:53]} 9. Re1 {[%clk 0:02:29]} Bf5 {[%clk 0:02:44]} 10. c4
{[%clk 0:02:18]} Nd7 {[%clk 0:02:41]} 11. Nc3 {[%clk 0:02:16]} Re8
{[%clk 0:02:37]} 12. Be3 {[%clk 0:01:34]} Ndf6 {[%clk 0:02:27]} 13. Qc2
{[%clk 0:01:33]} Bg6 {[%clk 0:02:20]} 14. Nh4 {[%clk 0:01:31]} Nxc3
{[%clk 0:01:54]} 15. bxc3 {[%clk 0:01:24]} Bxd3 {[%clk 0:01:52]} 16. Qxd3
{[%clk 0:01:24]} Ne4 {[%clk 0:01:53]} 17. Nf5 {[%clk 0:01:19]} Bc7
{[%clk 0:01:52]} 18. Rab1 {[%clk 0:01:06]} Rb8 {[%clk 0:01:50]} 19. f3
{[%clk 0:01:02]} Nd6 {[%clk 0:01:49]} 20. Nxd6 {[%clk 0:00:59]} Qxd6
{[%clk 0:01:49]} 21. f4 {[%clk 0:00:44]} g6 {[%clk 0:01:37]} 22. Rf1
{[%clk 0:00:40]} f5 {[%clk 0:01:27]} 23. Rbe1 {[%clk 0:00:37]} Re4
{[%clk 0:01:26]} 24. cxd5 {[%clk 0:00:34]} cxd5 {[%clk 0:01:26]} 25. c4
{[%clk 0:00:33]} Rbe8 {[%clk 0:01:18]} 26. c5 {[%clk 0:00:32]} Qa6
{[%clk 0:01:08]} 27. Qb3 {[%clk 0:00:30]} Ba5 {[%clk 0:00:50]} 28. Qxd5+
{[%clk 0:00:29]} Kg7 {[%clk 0:00:45]} 29. Rb1 {[%clk 0:00:16]} Rxe3
{[%clk 0:00:43]} 30. Rxb7+ {[%clk 0:00:18]} R3e7 {[%clk 0:00:36]} 31. Qe5+
{[%clk 0:00:17]} Kf7 {[%clk 0:00:28]} 32. Qd5+ {[%clk 0:00:17]} Qe6
{[%clk 0:00:24]} 33. Rxe7+ {[%clk 0:00:16]} Rxe7 {[%clk 0:00:25]} 34. Qa8
{[%clk 0:00:13]} Qe3+ {[%clk 0:00:24]} 35. Kh1 {[%clk 0:00:14]} Qxd4
{[%clk 0:00:24]} 36. Rb1 {[%clk 0:00:09]} Qxf4 {[%clk 0:00:21]} 37. Rb8
{[%clk 0:00:07]} Re1# {[%clk 0:00:21]} 0-1

[Event "Blitz 2018"]
[Site "Saint-Petersburg"]
[Date "2018.12.30"]
[Round "15"]
[Board "5"]
[White "Nepomniachtchi Ian (RUS)"]
[Black "Svidler Peter (RUS)"]
[Result "1/2-1/2"]
[LiveChessVersion "1.4.8"]
[BlackElo "2770"]
[WhiteElo "2846"]

1. e4 e5 2. Nf3 Nc6 3. d4 exd4 4. Nxd4 Nf6 5. Nc3 Bb4 6. Nxc6 bxc6 7. Bd3 d5 8.
Bd2 O-O 9. O-O Bg4 10. Qc1 Re8 11. Nxd5 Nxd5 12. exd5 Bxd2 13. Qxd2 cxd5 14. Qf4
Be6 15. b4 c6 16. a4 Qb8 17. Qh4 h6 18. a5 Qd6 19. Rfd1 Rab8 20. Rab1 Rec8 21. h3
c5 22. b5 Qe5 23. Re1 Qg5 24. Qxg5 hxg5 25. Re5 c4 26. Bf5 Bxf5 27. Rxf5 Rc5 28.
b6 Rxa5 29. b7 f6 30. Rf3 Rc5 31. Ra3 a5 32. c3 Kf7 33. f3 Ke6 34. Kf2 Kd6 35.
Ra2 Kc7 36. Re2 Kd6 37. Ra2 Kc7 38. Re2 Kd6 1/2-1/2

[Event "Blitz 2018"]
[Site "Saint-Petersburg"]
[Date "2018.12.30"]
[Round "15"]
[Board "6"]
[White "Matlakov Maxim (RUS)"]
[Black "Karjakin Sergey (RUS)"]
[Result "1/2-1/2"]
[LiveChessVersion "1.4.8"]
[BlackElo "2759"]
[WhiteElo "2653"]

1. d4 {[%clk 0:03:03]} Nf6 {[%clk 0:03:04]} 2. c4 {[%clk 0:03:03]} e6
{[%clk 0:03:05]} 3. g3 {[%clk 0:03:05]} Bb4+ {[%clk 0:03:06]} 4. Nd2
{[%clk 0:03:02]} c5 {[%clk 0:03:07]} 5. a3 {[%clk 0:03:00]} Bxd2+
{[%clk 0:03:07]} 6. Qxd2 {[%clk 0:03:01]} cxd4 {[%clk 0:03:05]} 7. Nf3
{[%clk 0:02:58]} d5 {[%clk 0:03:05]} 8. cxd5 {[%clk 0:02:49]} e5 {[%clk 0:03:05]}
9. Bg2 {[%clk 0:02:50]} Qxd5 {[%clk 0:02:55]} 10. Qg5 {[%clk 0:02:48]} O-O
{[%clk 0:02:51]} 11. Qxe5 {[%clk 0:02:48]} Nc6 {[%clk 0:02:45]} 12. Qxd5
{[%clk 0:02:48]} Nxd5 {[%clk 0:02:46]} 13. O-O {[%clk 0:02:46]} Re8
{[%clk 0:02:30]} 14. Rd1 {[%clk 0:02:02]} Rxe2 {[%clk 0:02:24]} 15. Nxd4
{[%clk 0:02:00]} Nxd4 {[%clk 0:02:25]} 16. Bxd5 {[%clk 0:02:00]} Bh3
{[%clk 0:02:10]} 17. Bf4 {[%clk 0:01:24]} Rae8 {[%clk 0:01:46]} 18. Bg2
{[%clk 0:01:23]} Bxg2 {[%clk 0:01:44]} 19. Kxg2 {[%clk 0:01:25]} Ne6
{[%clk 0:01:01]} 20. Be3 {[%clk 0:01:25]} Rxb2 {[%clk 0:01:01]} 21. Bxa7
{[%clk 0:01:25]} Ra8 {[%clk 0:01:00]} 22. Be3 {[%clk 0:01:22]} b5
{[%clk 0:00:56]} 23. Rdb1 {[%clk 0:01:17]} Rxb1 {[%clk 0:00:57]} 24. Rxb1
{[%clk 0:01:18]} Rxa3 {[%clk 0:00:57]} 25. Rxb5 {[%clk 0:01:19]} h6
{[%clk 0:00:58]} 1/2-1/2

[Event "Blitz 2018"]
[Site "Saint-Petersburg"]
[Date "2018.12.30"]
[Round "15"]
[Board "7"]
[White "Dreev Aleksey (RUS)"]
[Black "Giri Anish (NED)"]
[Result "1/2-1/2"]
[LiveChessVersion "1.4.8"]
[BlackElo "2751"]
[WhiteElo "2675"]

1. d4 Nf6 2. Nf3 {[%clk 0:03:04]} d5 {[%clk 0:03:04]} 3. c4 {[%clk 0:03:05]} e6
{[%clk 0:03:06]} 4. Nc3 {[%clk 0:03:03]} Bb4 {[%clk 0:03:07]} 5. cxd5
{[%clk 0:02:57]} exd5 {[%clk 0:03:08]} 6. Bg5 {[%clk 0:02:57]} h6
{[%clk 0:03:09]} 7. Bxf6 {[%clk 0:02:57]} Qxf6 {[%clk 0:03:09]} 8. Qa4+
{[%clk 0:02:46]} Nc6 {[%clk 0:03:11]} 9. e3 {[%clk 0:02:47]} O-O {[%clk 0:03:07]}
10. Be2 {[%clk 0:02:47]} a6 {[%clk 0:03:04]} 11. O-O Be6 12. Rac1
{[%clk 0:02:39]} Bd6 {[%clk 0:02:57]} 13. Qb3 {[%clk 0:02:34]} Ne7
{[%clk 0:02:53]} 14. a3 {[%clk 0:02:23]} g6 {[%clk 0:02:31]} 15. Qc2
{[%clk 0:02:13]} Rac8 {[%clk 0:02:14]} 16. b4 {[%clk 0:02:06]} Nf5
{[%clk 0:02:01]} 17. Rfd1 {[%clk 0:02:04]} c6 {[%clk 0:02:00]} 18. e4
{[%clk 0:01:30]} dxe4 {[%clk 0:01:59]} 19. Nxe4 {[%clk 0:01:31]} Qe7
{[%clk 0:01:55]} 20. Re1 {[%clk 0:01:26]} Rfd8 {[%clk 0:01:39]} 21. Bc4
{[%clk 0:01:25]} Bxc4 {[%clk 0:01:32]} 22. Qxc4 {[%clk 0:01:26]} Bf4
{[%clk 0:01:29]} 23. Rcd1 {[%clk 0:01:24]} Nd6 {[%clk 0:01:08]} 1/2-1/2

[Event "Blitz 2018"]
[Site "Saint-Petersburg"]
[Date "2018.12.30"]
[Round "15"]
[Board "8"]
[White "Jones Gawain C B (ENG)"]
[Black "Jakovenko Dmitry (RUS)"]
[Result "1-0"]
[LiveChessVersion "1.4.8"]
[BlackElo "2616"]
[WhiteElo "2722"]

1. e4 {[%clk 0:03:02]} e5 {[%clk 0:03:04]} 2. d4 {[%clk 0:03:02]} exd4
{[%clk 0:03:04]} 3. Nf3 {[%clk 0:03:03]} Nc6 {[%clk 0:03:05]} 4. Bc4
{[%clk 0:03:03]} Bc5 {[%clk 0:03:00]} 5. c3 {[%clk 0:03:04]} Nf6 {[%clk 0:02:59]}
6. e5 {[%clk 0:03:04]} d5 {[%clk 0:02:59]} 7. Bb5 {[%clk 0:03:05]} Ne4
{[%clk 0:03:00]} 8. cxd4 {[%clk 0:03:06]} Bb6 {[%clk 0:03:00]} 9. Nc3
{[%clk 0:03:07]} O-O {[%clk 0:02:54]} 10. Be3 {[%clk 0:03:08]} Bg4
{[%clk 0:02:54]} 11. h3 {[%clk 0:03:08]} Bh5 {[%clk 0:02:54]} 12. Qc2
{[%clk 0:03:09]} Nxc3 {[%clk 0:02:41]} 13. bxc3 {[%clk 0:03:06]} f6
{[%clk 0:02:28]} 14. exf6 {[%clk 0:02:47]} Qxf6 {[%clk 0:02:26]} 15. Be2
{[%clk 0:02:46]} Rae8 {[%clk 0:02:19]} 16. O-O {[%clk 0:02:41]} Kh8
{[%clk 0:02:11]} 17. a4 {[%clk 0:02:39]} Bg6 {[%clk 0:02:08]} 18. Bd3
{[%clk 0:02:37]} Bxd3 {[%clk 0:02:04]} 19. Qxd3 {[%clk 0:02:38]} Qf5
{[%clk 0:02:04]} 20. Qxf5 {[%clk 0:02:33]} Rxf5 {[%clk 0:02:05]} 21. Rfe1
{[%clk 0:02:33]} Rff8 {[%clk 0:02:03]} 22. Bf4 {[%clk 0:02:23]} Kg8
{[%clk 0:02:00]} 23. Rxe8 {[%clk 0:02:06]} Rxe8 {[%clk 0:02:01]} 24. Kf1
{[%clk 0:01:59]} h6 {[%clk 0:01:43]} 25. Rb1 {[%clk 0:01:57]} Nd8
{[%clk 0:01:07]} 26. Ne5 {[%clk 0:01:52]} Ba5 {[%clk 0:01:07]} 27. Bd2
{[%clk 0:01:48]} Re6 {[%clk 0:01:06]} 28. Rb5 {[%clk 0:01:45]} b6
{[%clk 0:00:31]} 29. Rxd5 {[%clk 0:01:46]} Nf7 {[%clk 0:00:31]} 30. Nxf7
{[%clk 0:01:42]} Kxf7 {[%clk 0:00:32]} 31. Rd7+ {[%clk 0:01:43]} Re7
{[%clk 0:00:32]} 32. Rxe7+ {[%clk 0:01:43]} Kxe7 {[%clk 0:00:34]} 33. Ke2
{[%clk 0:01:45]} c5 {[%clk 0:00:24]} 34. c4 {[%clk 0:01:45]} Bb4 {[%clk 0:00:19]}
35. Bxb4 {[%clk 0:01:38]} cxb4 {[%clk 0:00:20]} 36. f4 {[%clk 0:01:38]} h5
{[%clk 0:00:18]} 37. g4 {[%clk 0:01:39]} hxg4 {[%clk 0:00:18]} 38. hxg4
{[%clk 0:01:40]} g6 {[%clk 0:00:15]} 39. Kd3 {[%clk 0:01:31]} a5 {[%clk 0:00:16]}
40. c5 {[%clk 0:01:24]} bxc5 {[%clk 0:00:16]} 41. dxc5 {[%clk 0:01:25]} Ke6
{[%clk 0:00:14]} 42. Ke4 Kd5+ 1-0

[Event "Blitz 2018"]
[Site "Saint-Petersburg"]
[Date "2018.12.30"]
[Round "15"]
[Board "9"]
[White "Jobava Baadur (GEO)"]
[Black "Golubov Saveliy (RUS)"]
[Result "0-1"]
[LiveChessVersion "1.4.8"]
[BlackElo "2574"]
[WhiteElo "2705"]

1. d4 {[%clk 0:03:02]} Nf6 {[%clk 0:03:03]} 2. c4 {[%clk 0:03:03]} g6
{[%clk 0:03:04]} 3. Nc3 {[%clk 0:03:04]} Bg7 {[%clk 0:03:05]} 4. e4
{[%clk 0:03:05]} d6 {[%clk 0:03:06]} 5. Be2 {[%clk 0:03:05]} O-O {[%clk 0:03:06]}
6. h4 {[%clk 0:03:07]} e5 {[%clk 0:02:55]} 7. d5 {[%clk 0:03:08]} Na6
{[%clk 0:02:20]} 8. h5 {[%clk 0:03:08]} Nc5 {[%clk 0:02:16]} 9. Bg5
{[%clk 0:03:08]} h6 {[%clk 0:02:12]} 10. Bxf6 {[%clk 0:03:09]} Qxf6
{[%clk 0:02:12]} 11. b4 {[%clk 0:03:10]} Na6 {[%clk 0:02:07]} 12. a3
{[%clk 0:03:11]} c6 {[%clk 0:01:44]} 13. Rc1 {[%clk 0:03:06]} Nc7
{[%clk 0:01:10]} 14. g3 {[%clk 0:02:55]} cxd5 {[%clk 0:01:09]} 15. cxd5
{[%clk 0:02:53]} Bd7 {[%clk 0:01:08]} 16. Bg4 {[%clk 0:02:53]} Qe7
{[%clk 0:00:31]} 17. Bxd7 {[%clk 0:02:41]} Qxd7 {[%clk 0:00:33]} 18. Nf3
{[%clk 0:02:42]} a5 {[%clk 0:00:26]} 19. Nh4 {[%clk 0:02:38]} Kh7
{[%clk 0:00:27]} 20. O-O {[%clk 0:02:27]} axb4 {[%clk 0:00:29]} 21. axb4
{[%clk 0:02:28]} Bf6 {[%clk 0:00:27]} 22. Ng2 {[%clk 0:02:24]} Rac8
{[%clk 0:00:18]} 23. Qf3 {[%clk 0:02:24]} Bg5 {[%clk 0:00:16]} 24. Ne3
{[%clk 0:01:45]} Kg7 {[%clk 0:00:14]} 25. Kg2 {[%clk 0:01:43]} Nb5
{[%clk 0:00:16]} 26. Nxb5 {[%clk 0:00:53]} Qxb5 {[%clk 0:00:17]} 27. Ng4
{[%clk 0:00:36]} Qd7 {[%clk 0:00:15]} 28. Rxc8 {[%clk 0:00:32]} Qxc8
{[%clk 0:00:16]} 29. hxg6 {[%clk 0:00:19]} fxg6 30. Qe2 {[%clk 0:00:21]} h5
{[%clk 0:00:16]} 31. Nh2 {[%clk 0:00:22]} Qc3 {[%clk 0:00:15]} 32. Nf3
{[%clk 0:00:23]} Bf6 {[%clk 0:00:13]} 33. Qb5 {[%clk 0:00:23]} Rf7
{[%clk 0:00:15]} 34. Re1 {[%clk 0:00:20]} g5 {[%clk 0:00:07]} 35. Re3
{[%clk 0:00:21]} Qc2 {[%clk 0:00:06]} 36. Qe2 {[%clk 0:00:21]} Qxe2
{[%clk 0:00:05]} 37. Rxe2 {[%clk 0:00:22]} g4 {[%clk 0:00:07]} 38. Ne1
{[%clk 0:00:21]} Rc7 {[%clk 0:00:08]} 39. Rc2 {[%clk 0:00:22]} Rf7
{[%clk 0:00:04]} 40. Nd3 {[%clk 0:00:21]} Bg5 {[%clk 0:00:05]} 41. Kf1
{[%clk 0:00:21]} h4 42. gxh4 {[%clk 0:00:22]} Bxh4 {[%clk 0:00:08]} 43. Ke2
{[%clk 0:00:22]} Kf6 {[%clk 0:00:03]} 44. b5 {[%clk 0:00:23]} Rd7
{[%clk 0:00:04]} 45. Rc8 {[%clk 0:00:23]} Kf7 {[%clk 0:00:04]} 46. Nb2
{[%clk 0:00:24]} Kg7 {[%clk 0:00:05]} 47. Nc4 {[%clk 0:00:25]} Rf7
{[%clk 0:00:06]} 48. Nxd6 Rxf2+ {[%clk 0:00:07]} 49. Kd3 {[%clk 0:00:28]} Rf3+
{[%clk 0:00:09]} 50. Ke2 {[%clk 0:00:28]} Rf2+ {[%clk 0:00:10]} 51. Kd3
{[%clk 0:00:30]} g3 {[%clk 0:00:05]} 52. Nf5+ {[%clk 0:00:21]} Rxf5
{[%clk 0:00:06]} 53. exf5 {[%clk 0:00:22]} g2 {[%clk 0:00:07]} 54. Rc1
{[%clk 0:00:22]} Bf2 {[%clk 0:00:09]} 55. Ke4 {[%clk 0:00:05]} Kf6
{[%clk 0:00:10]} 56. d6 {[%clk 0:00:03]} g1=Q {[%clk 0:00:11]} 57. Rxg1
{[%clk 0:00:04]} Bxg1 {[%clk 0:00:13]} 58. Kd5 {[%clk 0:00:03]} Kxf5
{[%clk 0:00:09]} 59. d7 {[%clk 0:00:04]} Bb6 60. Kd6 Bd8 {[%clk 0:00:09]} 61.
Kxe5+ Kxe5 0-1

[Event "Blitz 2018"]
[Site "Saint-Petersburg"]
[Date "2018.12.30"]
[Round "15"]
[Board "12"]
[White "Sjugirov Sanan (RUS)"]
[Black "Korobov Anton (UKR)"]
[Result "1-0"]
[LiveChessVersion "1.4.8"]
[BlackElo "2677"]
[WhiteElo "2748"]

1. Nf3 {[%clk 0:03:02]} Nf6 2. c4 e6 3. g3 d5 4. Bg2 d4 5. O-O c5 6. d3 Nc6 7. e3
Bd6 8. exd4 cxd4 9. Bg5 h6 10. Bxf6 Qxf6 11. Nbd2 Qd8 12. a3 a5 13. Rc1 O-O 14.
Re1 Re8 15. c5 Bc7 16. Nc4 a4 17. Nfd2 f5 18. f4 e5 19. Qh5 Kh7 20. Bxc6 bxc6 21.
Nxe5 Bxe5 22. fxe5 Be6 23. Nc4 Rb8 24. Nb6 Rf8 25. Rf1 Rxb6 26. cxb6 Qxb6 27. Rc2
Qb5 28. Qe2 Re8 29. Rd2 c5 30. Qf2 Bc8 31. Re1 Qc6 32. h3 Kh8 33. Kh2 Be6 34. Rc2
Qb6 35. Rec1 Rc8 36. Qe2 Kh7 37. Qf2 Kh8 {[%clk 0:00:47]} 38. h4 Kh7 39. Qf3
{[%clk 0:00:55]} Kh8 {[%clk 0:00:46]} 40. Rd2 {[%clk 0:00:55]} Kh7 41. Qd1 Qb5
42. Qh5 Qb6 43. Qf3 Kh8 44. Rdc2 Kh7 {[%clk 0:00:39]} 45. Rf1 Kh8 46. Qh5
{[%clk 0:00:42]} Kh7 47. Rcf2 Rf8 48. Qf3 Qb5 49. g4 Qb8 50. Qg3 f4 51. Rxf4 Rxf4
52. Qxf4 Qxb2+ 53. Rf2 Qxa3 54. Qe4+ Kg8 55. Qa8+ Kh7 56. Rf8 Qxd3 57. Rh8+ Kg6
58. Qe8+ 1-0

[Event "Blitz 2018"]
[Site "Saint-Petersburg"]
[Date "2018.12.30"]
[Round "15"]
[Board "13"]
[White "Smirin Ilia (ISR)"]
[Black "Dubov Daniil (RUS)"]
[Result "1-0"]
[LiveChessVersion "1.4.8"]
[BlackElo "2743"]
[WhiteElo "2582"]

1. e4 {[%clk 0:03:03]} c5 {[%clk 0:03:04]} 2. Nf3 {[%clk 0:03:04]} d6
{[%clk 0:03:05]} 3. d4 {[%clk 0:03:05]} cxd4 {[%clk 0:03:06]} 4. Nxd4
{[%clk 0:03:06]} Nf6 {[%clk 0:03:07]} 5. Nc3 Nc6 6. Bg5 {[%clk 0:03:07]} e6
{[%clk 0:03:09]} 7. Qd2 {[%clk 0:03:08]} a6 {[%clk 0:03:10]} 8. O-O-O
{[%clk 0:03:07]} Bd7 {[%clk 0:03:12]} 9. f3 {[%clk 0:03:01]} Be7 {[%clk 0:03:10]}
10. h4 {[%clk 0:02:58]} Nxd4 {[%clk 0:03:03]} 11. Qxd4 {[%clk 0:02:58]} Bc6
{[%clk 0:03:04]} 12. Kb1 {[%clk 0:02:55]} O-O {[%clk 0:02:58]} 13. Qd2
{[%clk 0:02:46]} b5 {[%clk 0:02:57]} 14. Bd3 {[%clk 0:02:44]} b4 {[%clk 0:02:55]}
15. Ne2 {[%clk 0:02:44]} a5 {[%clk 0:02:57]} 16. Be3 {[%clk 0:02:32]} Qb8
{[%clk 0:02:51]} 17. g4 {[%clk 0:02:27]} a4 {[%clk 0:02:50]} 18. Nd4
{[%clk 0:02:26]} Bd7 {[%clk 0:02:43]} 19. h5 {[%clk 0:02:21]} b3 {[%clk 0:02:43]}
20. g5 {[%clk 0:02:16]} bxa2+ {[%clk 0:02:11]} 21. Ka1 {[%clk 0:02:16]} Ne8
{[%clk 0:01:49]} 22. g6 {[%clk 0:02:15]} Bf6 {[%clk 0:01:45]} 23. c3
{[%clk 0:01:43]} Nc7 {[%clk 0:01:18]} 24. gxh7+ {[%clk 0:01:36]} Kh8
{[%clk 0:01:17]} 25. Bg5 {[%clk 0:01:34]} Qd8 {[%clk 0:00:59]} 26. Bxf6
{[%clk 0:01:27]} Qxf6 {[%clk 0:00:59]} 27. f4 {[%clk 0:01:29]} e5
{[%clk 0:00:52]} 28. fxe5 {[%clk 0:01:14]} dxe5 {[%clk 0:00:53]} 29. Rhf1
{[%clk 0:01:10]} Qb6 {[%clk 0:00:50]} 30. Nf5 {[%clk 0:00:57]} Bxf5
{[%clk 0:00:44]} 31. exf5 {[%clk 0:00:57]} Qf6 {[%clk 0:00:40]} 32. h6
{[%clk 0:00:51]} gxh6 {[%clk 0:00:38]} 33. Rh1 {[%clk 0:00:50]} a3
{[%clk 0:00:34]} 34. b4 {[%clk 0:00:43]} e4 {[%clk 0:00:33]} 35. Rxh6
{[%clk 0:00:34]} Qe5 {[%clk 0:00:34]} 36. Rg1 {[%clk 0:00:24]} exd3
{[%clk 0:00:21]} 37. f6 {[%clk 0:00:14]} Ne6 {[%clk 0:00:11]} 38. Rg8+
{[%clk 0:00:14]} Rxg8 {[%clk 0:00:12]} 39. hxg8=R+ {[%clk 0:00:12]} Kxg8
{[%clk 0:00:12]} 40. Qg2+ {[%clk 0:00:12]} Qg5 {[%clk 0:00:13]} 41. Qh1 Qxf6
{[%clk 0:00:16]} 42. Rh7 {[%clk 0:00:07]} Qxc3+ {[%clk 0:00:06]} 43. Kxa2
{[%clk 0:00:07]} Qc4+ {[%clk 0:00:05]} 44. Rh2 {[%clk 0:00:08]} Qa6
{[%clk 0:00:05]} 45. Kxa3 {[%clk 0:00:08]} 1-0